Statistics for 100 Most Popular Rock Bands

Click here to take the quiz!

General Stats

  • This quiz has been taken 204 times
  • The average score is 52 of 100

Answer Stats

# Most Popular Song Band % Correct
3Bohemian RhapsodyQueen
92%
22Smells Like Teen SpiritNirvana
90%
1Here Comes The SunThe Beatles
89%
6Highway to HellAC/DC
89%
39Dancing QueenABBA
88%
64AfricaTOTO
87%
4Another Brick in the WallPink Floyd
87%
5Paint It, BlackThe Rolling Stones
87%
9Sweet Child O' MineGuns N' Roses
87%
15Livin' On A PrayerBon Jovi
87%
7Hotel CaliforniaEagles
85%
2Stairway to HeavenLed Zeppelin
83%
61WonderwallOasis
83%
37Every Breath You TakeThe Police
80%
42Losing My ReligionR.E.M.
78%
18Don't Stop Believin'Journey
78%
8Enter SandmanMetallica
78%
27Sweet Home AlabamaLynyrd Skynyrd
74%
16With Or Without YouU2
73%
63Smoke on the WaterDeep Purple
73%
17JumpVan Halen
72%
23Baba O'RileyThe Who
72%
26Riders on the StormThe Doors
71%
31ParanoidBlack Sabbath
70%
13Under the BridgeRed Hot Chili Peppers
70%
33Pour Some Sugar On MeDef Leppard
69%
10Dream OnAerosmith
69%
28Basket CaseGreen Day
68%
59ZombieThe Cranberries
67%
54More Than a FeelingBoston
64%
57Mr. BrightsideThe Killers
64%
50Sultans of SwingDire Straits
64%
53CreepRadiohead
63%
38Free Fallin'Tom Petty & The Heartbreakers
62%
25The ScientistColdplay
61%
19Fortunate SonCreedence Clearwater Revival
61%
100Don't SpeakNo Doubt
60%
43I Was Made For Lovin' YouKISS
60%
45La GrangeZZ Top
59%
12In the EndLinkin Park
57%
32How You Remind MeNickelback
57%
35BarracudaHeart
56%
86Wind Of ChangeScorpions
55%
44Tom SawyerRush
55%
24Wouldn't It Be NiceThe Beach Boys
54%
78You Really Got MeThe Kinks
53%
74The JokerSteve Miller Band
52%
46Feel Good Inc.Gorillaz
51%
89Bring Me To LifeEvanescence
51%
34EverlongFoo Fighters
50%
49All The Small Thingsblink-182
49%
67PoisonAlice Cooper
48%
11DreamsFleetwood Mac
47%
47Mr. Blue SkyElectric Light Orchestra
47%
70Chop Suey!System Of A Down
47%
81IrisThe Goo Goo Dolls
47%
97Sex on FireKings of Leon
47%
30I Want to Know What Love IsForeigner
46%
88Friday I'm in LoveThe Cure
45%
20SmoothSantana
45%
41Invisible TouchGenesis
45%
60The TrooperIron Maiden
45%
29AlivePearl Jam
44%
92Killing In The NameRage Against The Machine
44%
71My SacrificeCreed
41%
87The Power Of LoveHuey Lewis & The News
40%
691979The Smashing Pumpkins
38%
21If You Leave Me NowChicago
38%
91How to Save a LifeThe Fray
37%
62Kryptonite3 Doors Down
37%
90Reelin' In The YearsSteely Dan
36%
52The Beautiful PeopleMarilyn Manson
36%
66Can't Fight This FeelingREO Speedwagon
36%
85Need You TonightINXS
35%
96Would?Alice In Chains
34%
77Freak On a LeashKorn
34%
72Do I Wanna Know?Arctic Monkeys
34%
51Old Time Rock & RollBob Seger & The Silver Bullet Band
34%
56Enjoy the SilenceDepeche Mode
32%
36CenturiesFall Out Boy
31%
48High HopesPanic! At The Disco
30%
55Listen to the MusicThe Doobie Brothers
29%
14Girls Like YouMaroon 5
29%
76Rollin' (Air Raid Vehicle)Limp Bizkit
28%
79Down with the SicknessDisturbed
28%
65Just What I NeededThe Cars
28%
93UprisingMuse
27%
82RenegadeStyx
26%
80You're Gonna Go Far, KidThe Offspring
24%
84I Hate Everything About YouThree Days Grace
22%
98Casey JonesGrateful Dead
20%
95Hall of FameThe Script
20%
99Hail to the KingAvenged Sevenfold
20%
73I Will WaitMumford & Sons
20%
75Crash into MeDave Matthews Band
20%
83UnsaintedSlipknot
19%
68PushMatchbox Twenty
18%
58Hard TimesParamore
10%
40Rescue MeOneRepublic
10%
94Inside OutFive Finger Death Punch
3%

Score Distribution

Percentile by Number Answered

Percent of People with Each Score

Your Score History

You have not taken this quiz